| 000 | 01757nam a22003971i 4500 | ||
|---|---|---|---|
| 001 | ebr10756326 | ||
| 003 | CaPaEBR | ||
| 006 | m o d | ||
| 007 | cr cn||||||||| | ||
| 008 | 051201s2005 nyu ob 001 0 eng d | ||
| 020 | _z1576591999 (pbk.) | ||
| 020 | _z9781576591994 | ||
| 020 | _a9781576593301 (e-book) | ||
| 040 |
_aCaPaEBR _beng _erda _epn _cCaPaEBR |
||
| 035 | _a(OCoLC)861528200 | ||
| 041 | 1 |
_aeng _hlat |
|
| 050 | 1 | 4 |
_aBX890 _b.B6613 2005eb |
| 100 | 0 |
_aBonaventure, _cSaint, Cardinal, _dapproximately 1217-1274. |
|
| 245 | 1 | 0 |
_aBreviloquium / _cintroduction, translation, and notes by Dominic V. Monti. |
| 264 | 1 |
_aSt. Bonaventure, New York : _bFranciscan Institute Publications, _c2005. |
|
| 300 | _a1 online resource (382 pages) | ||
| 336 |
_atext _2rdacontent |
||
| 337 |
_acomputer _2rdamedia |
||
| 338 |
_aonline resource _2rdacarrier |
||
| 440 | 0 |
_aWorks of St. Bonaventure ; _v9 |
|
| 504 | _aIncludes bibliographical references and indexes. | ||
| 588 | _aDescription based on print version record. | ||
| 590 | _aElectronic reproduction. Palo Alto, Calif. : ebrary, 2013. Available via World Wide Web. Access may be limited to ebrary affiliated libraries. | ||
| 610 | 2 | 0 |
_aCatholic Church _vControversial literature. |
| 650 | 0 | _aTheology, Doctrinal. | |
| 655 | 0 | _aElectronic books. | |
| 700 | 1 |
_aMonti, Dominic, _d1943- |
|
| 776 | 0 | 8 |
_iPrint version: _aBonaventure, Saint, Cardinal. _tBreviloquium. _dSt. Bonaventure, New York : Franciscan Institute Publications, 2005 _hl, 329 pages ; 23 cm. _kWorks of St. Bonaventure ; 9 _z9781576591994 _w(DLC) 2005932513 |
| 797 | 2 | _aebrary. | |
| 856 | 4 | 0 |
_uhttp://site.ebrary.com/lib/rucke/Doc?id=10756326 _zAn electronic book accessible through the World Wide Web; click to view |
| 999 |
_c117962 _d117962 |
||